Effective Training : (Record no. 363746)
[ view plain ]
| 000 -LEADER | |
|---|---|
| fixed length control field | 00538nam a2200157Ia 4500 |
| 008 - FIXED-LENGTH DATA ELEMENTS--GENERAL INFORMATION | |
| fixed length control field | 200619s9999 xx 000 0 und d |
| 020 ## - INTERNATIONAL STANDARD BOOK NUMBER | |
| International Standard Book Number | 978-0-13-510592-4 |
| 100 ## - MAIN ENTRY--PERSONAL NAME | |
| Personal name | Blanchard, Nick P. |
| 245 ## - TITLE STATEMENT | |
| Statement of responsibility, etc | P. Nick Blanchard, James W. Thacker |
| Title | Effective Training : |
| Remainder of title | Systems, Strategies and Practices / |
| 250 ## - EDITION STATEMENT | |
| Edition statement | 4th ed. |
| 260 ## - PUBLICATION, DISTRIBUTION, ETC. (IMPRINT) | |
| Place of publication, distribution, etc | US : |
| Name of publisher, distributor, etc | Pearson Education, Inc. |
| Date of publication, distribution, etc | 2010 |
| 300 ## - PHYSICAL DESCRIPTION | |
| Extent | viii, 489 pages |
| 500 ## - GENERAL NOTE | |
| General note | Includes references, glossary and index. |
| 650 ## - SUBJECT ADDED ENTRY--TOPICAL TERM | |
| Topical term or geographic name as entry element | Employees -- Training of. |
| 650 ## - SUBJECT ADDED ENTRY--TOPICAL TERM | |
| Topical term or geographic name as entry element | Occupational training. |
No items available.